| 000 | 01243ny a22003133n 4500 | ||
|---|---|---|---|
| 005 | 20240305165320.0 | ||
| 008 | 030728s2001 sp 001 0 spa d | ||
| 017 | _aD.L.B41901-01 | ||
| 020 | _a9788495665102 | ||
| 035 | _a3241 | ||
| 040 |
_a280790025 M-BN _dvLex |
||
| 080 | _a347.6 | ||
| 080 | _a347.65 | ||
| 090 |
_c684 _d684 |
||
| 100 | 1 | _aBarrán Arniches, Paloma de | |
| 245 | 1 | 3 |
_aEl pacto de renuncia a la legítima futura _h[Recurso electrónico] _cPaloma de Barrón Arniches |
| 256 | _aServicio en línea | ||
| 260 |
_aRubí (Barcelona) : _bCedecs, _c2001 |
||
| 300 |
_a343 p. ; _c23 cm |
||
| 504 | _aBibliografía: p. 321-343 | ||
| 506 | 1 |
_aContenido solo disponible en los productos indicados _dvLex Global _dvLex Global (Academic Edition, excluding Law Schools) _dvLex Global (U.S. Academic Edition, Law Schools) _dvLex Global (U.S. Academic Edition, excluding Law Schools) _dvLex Global (Academic Edition, Law Schools) |
|
| 650 | 0 | 7 |
_aLegítima _2Tesauro vLex |
| 650 | 0 | 7 |
_aSucesorio _2Tesauro vLex |
| 650 | 0 | 7 |
_aRenuncia a la legitima futura _2Tesauro vLex |
| 650 | 0 | 7 |
_aLegitima futura _2Tesauro vLex |
| 740 | 0 | _avLex Libros (Servicios en línea) | |
| 856 | 4 | 0 | _uhttps://app.vlex.com/#/sources/3241 |
| 942 | _cRAA | ||
| 999 |
_c159203 _d159203 |
||